000 03432nam a2200469 a 4500
003 CHAP
005 20241125143220.0
007 cr ||||||a|c|a
008 110117s2010 mx r 00010 spa d
035 _a111916
040 _cCHAP
090 _aTesis
100 1 _aBeltrán Espinosa, Elida.
_911447
245 1 0 _aCooperativismo pesquero en la comunidad La Reforma, Sinaloa caso de la pesca artesanal
_c/por Elida Beltrán Espinosa y Luis Daniel Magadán Revel; director de tesis María Almanza Sánchez.
264 1 _aChapingo, Méx. :
_bEl autor,
_c2010.
300 _a1 recurso en línea (119 páginas).
336 _2rdacontent
_atexto
_btxt
337 _2rdamedia
_acomputadora
_bc
338 _2rdacarrier
_arecursos en línea
_bcr
502 _bIAESR
_cSociología
_d2010.
_gLIC
520 _aEn la comunidad de Santa María La Reforma, Sinaloa, se estudiaron las características sociales, las actividades organizativas, productivas y de comercialización, de una forma de tenencia y usufructo de la tierra denominada Ejido Pesquero, que rige las actividades pesqueras de acuerdo con los principios del cooperativismo; implica trabajo colectivo y solidaridad entre sus miembros. A partir de la investigación acción participativa, se logró cierto grado de auto-reconocimiento de los cooperativistas, respecto a las problemáticas que encierra su organización, y las fases del proceso productivo; con el funcionamiento y consolidación de su cooperativa. De acuerdo con los resultados obtenidos, esta cooperativa, como la mayoría en México, ha estado sujeta a los vaivenes de una política paternalista autoritaria, que, si bien le ha reconocido su status jurídico y reglamentado sus compromisos de apoyo económico y productivo, hoy se reducen prácticamente a la autorización para el aprovechamiento de los recursos pesqueros. Por otra parte, es claro que los principios de la organización cooperativa también han sufrido serios procesos de degradación y abandono. Esto se manifiesta en los crecientes niveles de corrupción en los órganos de administración, de organización y de vigilancia, pero también en la cada vez menor identificación de los pescadores con esos fundamentos que debían regir su trabajo, su organización y sus perspectivas de desarrollo. De este modo, la cooperativa actualmente más parece un conjunto de acciones individualizadas y orientadas por las apreciaciones particulares de los pescadores, que un espacio de solidaridad y realización colectiva.
590 _aALEPH
_b10
_c20130110
590 _aBATCH-UPD
_b10
_c20130110
590 _aBATCH-UPD
_b10
_c20130410
590 _aBATCH-UPD
_b10
_c20130914
590 _aBATCH-UPD
_b10
_c20140324
590 _aBATCH-UPD
_b10
_c20141002
590 _aBATCH
_b00
_c20181121
590 _aCONVERSION
_b10
_c20130109
650 1 4 _aComunidad
_xOrganización.
_926248
650 1 4 _aPesca artesanal.
_987431
650 1 4 _aPesquería
_xSinaloa.
700 1 _aMagadán Revelo, Luis Daniel.
_969770
700 1 _aAlmanza Sánchez, María
_94485
_eDirector de tesis.
856 _uhttp://10.13.5.2/tesis/111916.pdf
_zDESCARGAR PDF
901 _aBK
942 _cTD
_2Clasificación Universidad Autónoma Clasificación
949 _aTesis
_bBC
_cTES
_d33724002228470
_eTS2
_fc.2
_gDonaciØn
_h51743
_i111916
_sb
949 _aTesis
_bBC
_cTES
_d33724002228512
_eTS1
_gDonaciØn
_h51742
_i111916
_sb
999 _c100257
_d100257